| 000 | 01141nam a2200241 i 4500 | ||
|---|---|---|---|
| 001 | 17761 | ||
| 003 | ES-MaACL | ||
| 005 | 20250921063022.0 | ||
| 007 | t| | ||
| 008 | 010517s1899 sp ||||1| spa d | ||
| 080 | _a929 Colmerio, Manuel | ||
| 100 | 1 |
_aSalvá, Melchor, _d1834-1918 _9102056 |
|
| 245 | 1 | 0 |
_aNecrología del Excmo. Señor Don Manuel Colmeiro individuo de número y bibliotecario que fué de la Real Academia de Ciencias Morales y Políticas : _bleída ante esta Corporación en las sesiones de 13 de Diciembre de 1898, 21 y 28 de Marzo y 13 de Junio de 1899 / _cpor Melchor Salvá. |
| 260 |
_aMadrid : _b[s.n.], _c1899 ( _fImprenta del Asilo de Huérfanos del S. C. de Jesús) |
||
| 300 |
_a65 p. ; _c26 cm. |
||
| 530 | _aDisponible en formato digital. | ||
| 600 | 1 | 4 |
_aColmeiro, Manuel ( _d1818-1894) _939768 |
| 710 | 2 |
_aReal Academia de Ciencias Morales y Políticas (España) _9222050 |
|
| 852 |
_aES-MaACL _j2165-F-17 _cDEPOF _zRevisado enlace: 22 de Abril de 2025 |
||
| 856 |
_uhttp://bdh-rd.bne.es/viewer.vm?id=0000050376&page=1 _yBiblioteca Digital Hispánica |
||
| 942 | _2udc | ||
| 999 |
_c17761 _d17761 |
||